书目信息 |
| 题名: |
混凝土及砌体结构
|
|
| 作者: | 王振东 主编 | |
| 分册: | 下册 | |
| 出版信息: | 北京 中国建筑工业出版社 2003.02 |
|
| 页数: | 207页 | |
| 开本: | 24cm | |
| 丛书名: | ||
| 单 册: | ||
| 中图分类: | TU37 | |
| 科图分类: | ||
| 主题词: | 混凝土结构--高等学校--教材 , 砌块结构--高等学校--教材 | |
| 电子资源: | ||
| ISBN: | 7-112-04786-2 | |
| 000 | 00745nam0 2200241 45 | |
| 001 | 012004000000 | |
| 005 | 20201023154311.26 | |
| 010 | @a7-112-04786-2@dCNY 19.00 | |
| 100 | @a20041024d2003 em y0chiy0121 ea | |
| 101 | 0 | @achi |
| 102 | @aCN@b110000 | |
| 105 | @aak z 000yy | |
| 200 | 1 | @a混凝土及砌体结构@Ahun ning tu ji qi ti jie gou@h下册@f王振东主编 |
| 210 | @a北京@c中国建筑工业出版社@d2003.02 | |
| 215 | @a207页@c图, 表格@d24cm | |
| 300 | @a高校土木工程学科专业指导委员会规划推荐教材 | |
| 320 | @a本书第194-207页附附录。 | |
| 606 | 0 | @a混凝土结构@x高等学校@j教材 |
| 606 | 0 | @a砌块结构@x高等学校@j教材 |
| 690 | @aTU37@v4 | |
| 701 | 0 | @a王振东@Awang zhen dong@4主编 |
| 801 | 0 | @aCN@bQSSK3@c20041130 |
| 905 | @a10447@dTU37@eW460:2 | |
| 混凝土及砌体结构.下册/王振东主编.-北京:中国建筑工业出版社,2003.02 |
| 207页:图, 表格;24cm |
| 高校土木工程学科专业指导委员会规划推荐教材 |
| ISBN 7-112-04786-2:CNY 19.00 |
| ● |
| 相关链接 |
|
|
|
正题名:混凝土及砌体结构
索取号:TU37/W460:2
 
预约/预借
| 序号 | 登录号 | 条形码 | 馆藏地/架位号 | 状态 | 备注 |
| 1 | 1304183 | 213041830 | 建筑库101/101建筑库 85排3列3层/ [索取号:TU37/W460:2] | 在馆 | |
| 2 | 1453842 | 214538428 | 建筑库101/101建筑库 85排3列3层/ [索取号:TU37/W460:2] | 在馆 | |
| 3 | 1453843 | 214538437 | 建筑库101/101建筑库 85排3列3层/ [索取号:TU37/W460:2] | 在馆 | |
| 4 | 1453844 | 214538446 | 建筑库101/101建筑库 85排3列3层/ [索取号:TU37/W460:2] | 在馆 | |
| 5 | 1453845 | 214538455 | 建筑库101/101建筑库 85排3列3层/ [索取号:TU37/W460:2] | 在馆 | |
| 6 | 1453846 | 214538464 | 建筑库101/101建筑库 85排3列3层/ [索取号:TU37/W460:2] | 在馆 | |
| 7 | 1453847 | 214538473 | 建筑库101/101建筑库 85排3列3层/ [索取号:TU37/W460:2] | 在馆 | |
| 8 | 1453848 | 214538482 | 建筑库101/101建筑库 85排3列3层/ [索取号:TU37/W460:2] | 在馆 | |
| 9 | 1453849 | 214538491 | 建筑库101/101建筑库 85排3列3层/ [索取号:TU37/W460:2] | 在馆 | |
| 10 | 1453850 | 214538507 | 建筑库101/101建筑库 85排3列3层/ [索取号:TU37/W460:2] | 在馆 | |
| 11 | 1453851 | 214538516 | 建筑库101/101建筑库 85排3列3层/ [索取号:TU37/W460:2] | 在馆 | |
| 12 | 428064 | 204280642 | 建筑库101/101建筑库 85排3列3层/ [索取号:TU37/W460:2] | 在馆 | |
| 13 | 428065 | 204280651 | 建筑库101/101建筑库 85排3列3层/ [索取号:TU37/W460:2] | 在馆 | |
| 14 | 428066 | 204280660 | 建筑库101/101建筑库 85排3列3层/ [索取号:TU37/W460:2] | 在馆 | |
| 15 | 475307 | 204753070 | 建筑库101/101建筑库 85排3列3层/ [索取号:TU37/W460:2] | 在馆 | |
| 16 | 484823 | 204848237 | 土木与交通工程学院资料室/ [索取号:TU37/W460:2] | 在馆 | |
| 17 | 484834 | 204848344 | 土木与交通工程学院资料室/ [索取号:TU37/W460:2] | 在馆 | |
| 18 | 485362 | 204853621 | 土木与交通工程学院资料室/ [索取号:TU37/W460:2] | 在馆 | |
| 19 | 485363 | 204853630 | 土木与交通工程学院资料室/ [索取号:TU37/W460:2] | 在馆 | |
| 20 | 487491 | 204874911 | 自科二线404/404自科库 25排6列2层/ [索取号:TU37/W460:2] | 在馆 | |
| 21 | 488693 | 204886935 | 自科二线404/404自科库 25排6列2层/ [索取号:TU37/W460:2] | 在馆 | |
| 22 | 489795 | 204897950 | 自科二线404/404自科库 25排6列2层/ [索取号:TU37/W460:2] | 在馆 | |
| 23 | 489796 | 204897969 | 自科二线404/404自科库 25排6列2层/ [索取号:TU37/W460:2] | 在馆 | |
| 24 | 491356 | 204913567 | 建筑库101/101建筑库 85排3列3层/ [索取号:TU37/W460:2] | 在馆 |